000 00920nam a2200169 a 4500
008 120416s1970 xx |||||||||||||| || u
050 _aNA 9050 Smi
100 _aSmith, Herbert H
245 1 0 _aThe citizen's guide to planning
250 _arev. ed.
260 _c[1970]
350 _a0.00
995 _aMAIN LIBRARY OPEN ACCESS
_D0.00
_e725576
_FCBU-MAIN LIBRARY (Kitwe)
_H2
_I12.50
_jNA 9050 Smi
_UAVAILABLE
_y010668
_ZMain Library Open Access Collection
995 _aMAIN LIBRARY OPEN ACCESS
_D0.00
_e725579
_FCBU-MAIN LIBRARY (Kitwe)
_H4
_I12.50
_jNA 9050 Smi
_UAVAILABLE
_y010665
_ZMain Library Open Access Collection
995 _aANNEX COLLECTION (Main Library)
_D0.00
_e725578
_FCBU-MAIN LIBRARY (Kitwe)
_H3
_I12.50
_jNA 9050 Smi
_UAVAILABLE
_y010666
_ZAnnex Low-Usage Collection
995 _aMAIN LIBRARY OPEN ACCESS
_D0.00
_e725577
_FCBU-MAIN LIBRARY (Kitwe)
_H1
_I12.50
_jNA 9050 Smi
_ULOST
_y010667
_ZMain Library Open Access Collection
999 _c79350
_d79350